Bienvenue au Catalogue en Ligne des Bibliothèques de l'Universite du Burundi

Essai de déferrisation et démanganisation de l'eau des forages cotiers du lac Tanganyika sur filtres à sable rapide (Record no. 54104)

000 -GUIDE
Champ de contrôle de longueur fixe 01161nam a22002417a 4500
003 - IDENTITÉ DU NUMÉRO DE CONTRÔLE
Champ de contrôle BI-BuBU
008 - ÉLÉMENTS DE LONGUEUR FIXE - RENSEIGNEMENTS GÉNÉRAUX
Champ de contrôle de longueur fixe 260629b2026 bd fr|||| 000 0 fre d
037 ## - SOURCE D'ACQUISITION
Source d'acquisition et du numéro d'inventaire Don de l'auteur
039 ## - NIVEAU DE CONTRÔLE BIBLIOGRAPHIQUE ET HISTORIQUE D'ENCODAGE [OBSOLETE]
Date creation 20260629142714.0
Nom catalographe Thacien Mutabazi
040 ## - SOURCE DU CATALOGAGE
Organisme qui a effectué le catalogage original BI-BuBU
Code de la langue utilisée dans le catalogage fre
Organisme qui a effectué la transcription BI-BuBU
Organisme qui a effectué la modification BI-BuBU
041 0# - CODE DE LANGUE
Code de langue du texte/de la piste sonore ou du titre distinct fre
080 ## - INDICE DE LA CLASSIFICATION DÉCIMALE UNIVERSELLE (CDU)
Indice de la Classification décimale universelle 543.33
100 1# - VEDETTE PRINCIPALE - NOM DE PERSONNE
Code de relation aut.
Nom de personne Ndikumagenge, Juvénal
245 10 - MENTION DU TITRE
Titre Essai de déferrisation et démanganisation de l'eau des forages cotiers du lac Tanganyika sur filtres à sable rapide
Reste du titre cas des forages de Buterere, Ngagara et Kabezi
Mention de responsabilité, etc. Juvénal Ndikumagenge ; Rémy Marie Nkurunziza, directeur
260 ## - PUBLICATION, DIFFUSION, ETC. (ADRESSE BIBLIOGRAPHIQUE)
Lieu de publication, diffusion, etc. Bujumbura
Nom de l'éditeur, diffuseur, etc. Université du Burundi, Institut de Pédagogie Appliquée, département de biologie-chimie
Date of publication, distribution, etc 2026
300 ## - DESCRIPTION MATÉRIELLE
Collation XII-58 f.
Dimensions 30 cm.
502 ## - NOTE DE THÈSE OU MÉMOIRE
Note de thèse Mémoire présenté et défendu publiquement en vue de l'obtention du grade de master en sciences.<br/>Spécialité : Enseignement de la chimie.
650 #7 - VEDETTE-MATIÈRE - NOM COMMUN
Source du terme BI-BuBU
Vedette de sujet ou vedette comportant un nom géographique Eau de forage
Subdivision générale Déferrisation
Subdivision géographique Lac Tanganyika
650 #7 - VEDETTE-MATIÈRE - NOM COMMUN
Source du terme BI-BuBU
Vedette de sujet ou vedette comportant un nom géographique Eau de forage
Subdivision générale Démanganisation
Subdivision géographique Lac Tanganyika
655 #7 - TERME D'INDEXATION - GENRE OU FORME
Source du terme BI-BuBU
Données ou terme dominant sur le genre ou la forme Mémoire
700 1# - VEDETTE SECONDAIRE - NOM DE PERSONNE
Code de relation dir.
Nom d'auteur Nkurunziza, Rémy Marie
9 (RLIN) 64356
942 ## - ÉLÉMENTS D'ENTRÉE ADDITIONNELLE (KOHA)
Source de la classification ou du système de rangement
Type d item koha Memoire
Holdings
Statut de retrait Statut de perte Source de la classification ou du système de rangement Statut de déterioration Exclu du prêt Numéro d item Koha Localisation permanente Localisation actuelle Date d'acquisition Source d'acquisition Nombre de prêts Cote Code-barres Date last seen Numéro d'exemplaire Prix en vigueur à partir du Type d item koha
        Not For Loan 85973 Bibliothèque Centrale Bibliothèque Centrale 29/06/2026 Don de l'auteur   543.33 NDI. 5010000484019 29/06/2026 1 29/06/2026 Memoire
© 2019-2026 - Bibliothèques de l'Université du Burundi |Tous droits réservés
home | Pour toute information urgente Contactez nous | tel whatsupp: +25779204313